000 00308nam a2200121 a 4500
001 4140
005 20140414131934.0
008 090218s19uu xx 00 eng d
050 _aREF 591.734
_bK86 2004
100 _aKratter, Paul
245 _aThe Living rain forest :
_ban animal alphabet.
999 _c112377
_d112377